| 000 | 00479cam a22001934a 4500 | ||
|---|---|---|---|
| 005 | 20250605164302.0 | ||
| 008 | 250528s ||||||||||||||||||||||||d | ||
| 035 | _a22132 | ||
| 040 |
_aGR-AtMCL _bgre _dGR-AtMCL _eAACR2 |
||
| 245 | 1 | _aPAINTERS IN PARIS 1895-1950 | |
| 250 | _a1 | ||
| 260 | _c2000 | ||
| 300 | _a128 | ||
| 700 | 1 |
_aLieberman Williams S. _98001 |
|
| 942 | _cBK | ||
| 710 | 2 |
_aThe Metropolitan Museum Of Art _99809 |
|
| 999 |
_c7188 _d7188 |
||